000 00667nas a22002057a 4500
003 NALT
005 20211129114825.0
008 170828b th ||||| |||| 00| 0 tha d
022 _a22869557
040 _aNALT
041 0 _atha
245 1 0 _aเกษตรกรก้าวหน้า
260 3 _aกรุงเทพฯ :
_bบริษัท แม่บ้าน จำกัด
310 _aรายเดือน
500 _aหยุดผลิตฉบับพิมพ์
850 _aNALT
866 3 1 _aปีที่ 9 ฉบับ 100-109 (ม.ค.-ต.ค. 2562)
942 _cJNR
_013
_2lcc
998 _b34
_d2017-05-26 10:56:18.530
_j755
_k จินตนา เอี่ยมคง
999 _c92006
_d92006